00701nam a2200193Ia 4500008004100000020001800041082001400059100002100073245008600094250000800180260007000188300002900258500001900287600003300306650001100339942000700350952013300357999001700490240925s9999 xx 000 0 und d a9781259098277 a174.4 HAR aHartman, P Laura 0aBusiness Ethics: decision making for personal integrity and social responsibility a2nd aNew Delhi:bMcGraw Hill Education (India) Private Limitedc,2016. aviii, 254p.b0fOriginal aIncludes Index aHumanities & Natural Science aEthics cBK 001040708HUMaUITUbUITUd2019-01-19eAllied Book Companyg2143.83l0o174.4 HARpQ13655r2024-09-25 07:16:56w2024-09-25yBK c16154d16154